000220187 001__ 220187
000220187 005__ 20230317222647.0
000220187 0247_ $$2datacite_doi$$a10.15120/GSI-2019-01053
000220187 037__ $$aGSI-2019-01053
000220187 041__ $$aeng
000220187 0881_ $$aGSI Report 2019-2
000220187 088__ $$2GSI$$aGSI Report 2019-2
000220187 1001_ $$0P:(DE-Ds200)OR1388$$aWeyrich, Karin$$b0$$eEditor
000220187 245__ $$aNews and reports from High Energy Density generated by heavy ion and laser beams : 2018
000220187 260__ $$aDarmstadt$$bGSI$$c2019
000220187 300__ $$a101 S.
000220187 3367_ $$2DRIVER$$areport
000220187 3367_ $$2ORCID$$aREPORT
000220187 3367_ $$010$$2EndNote$$aReport
000220187 3367_ $$2DataCite$$aOutput Types/Report
000220187 3367_ $$0PUB:(DE-HGF)29$$2PUB:(DE-HGF)$$aReport$$breport$$mreport$$s1574249377_5566
000220187 3367_ $$2BibTeX$$aTECHREPORT
000220187 536__ $$0G:(DE-HGF)POF3-6211$$a6211 - Extreme States of Matter: From Cold Ions to Hot Plasmas (POF3-621)$$cPOF3-621$$fPOF III$$x0
000220187 7001_ $$0P:(DE-Ds200)OR0481$$aHoffmann, Dieter$$b1$$eEditor
000220187 8527_ $$2DE-Ds200$$aGSI/FAIR Library$$bGSI$$cReport 2019-2$$hReport$$p00048057$$t1
000220187 8527_ $$2DE-Ds200$$aGSI/FAIR Library$$bGSI$$cReport 2019-2$$hReport$$p00048040$$t2
000220187 8564_ $$uhttps://repository.gsi.de/record/220187/files/GSI-Report-2019-2.pdf$$yOpenAccess
000220187 8564_ $$uhttps://repository.gsi.de/record/220187/files/GSI-Report-2019-2.gif?subformat=icon$$xicon$$yOpenAccess
000220187 8564_ $$uhttps://repository.gsi.de/record/220187/files/GSI-Report-2019-2.jpg?subformat=icon-1440$$xicon-1440$$yOpenAccess
000220187 8564_ $$uhttps://repository.gsi.de/record/220187/files/GSI-Report-2019-2.jpg?subformat=icon-180$$xicon-180$$yOpenAccess
000220187 8564_ $$uhttps://repository.gsi.de/record/220187/files/GSI-Report-2019-2.jpg?subformat=icon-640$$xicon-640$$yOpenAccess
000220187 8767_ $$2DE-Ds200$$aGSI/FAIR Library$$d2021-04-29$$eUnknown$$hnot for loan$$javailable$$p00048057$$t1
000220187 8767_ $$2DE-Ds200$$aGSI/FAIR Library$$d2021-04-29$$eUnknown$$hnot for loan$$javailable$$p00048040$$t2
000220187 909CO $$ooai:repository.gsi.de:220187$$pdnbdelivery$$pdriver$$pVDB$$popen_access$$popenaire
000220187 915__ $$0StatID:(DE-HGF)0510$$2StatID$$aOpenAccess
000220187 915__ $$0LIC:(DE-HGF)CCBY4$$2HGFVOC$$aCreative Commons Attribution CC BY 4.0
000220187 9141_ $$y2019
000220187 9101_ $$0I:(DE-Ds200)20121206GSI$$6P:(DE-Ds200)OR1388$$aGSI Helmholtzzentrum für Schwerionenforschung GmbH$$b0$$kGSI
000220187 9131_ $$0G:(DE-HGF)POF3-621$$1G:(DE-HGF)POF3-620$$2G:(DE-HGF)POF3-600$$3G:(DE-HGF)POF3$$4G:(DE-HGF)POF$$9G:(DE-HGF)POF3-6211$$aDE-HGF$$bForschungsbereich Materie$$lVon Materie zu Materialien und Leben$$vIn-house research on the structure, dynamics and function of matter$$x0
000220187 9132_ $$0G:(DE-HGF)POF4-631$$1G:(DE-HGF)POF4-630$$2G:(DE-HGF)POF4-600$$3G:(DE-HGF)POF4$$4G:(DE-HGF)POF$$aDE-HGF$$bForschungsbereich Materie$$lFrom Matter to Materials and Life$$vMatter – Dynamics, Mechanisms and Control$$x0
000220187 920__ $$lyes
000220187 9201_ $$0I:(DE-Ds200)PPH-20051214OR027$$kPPH$$lPlasmaphysik / PHELIX$$x0
000220187 9201_ $$0I:(DE-Ds200)Coll-GSI-PHELIX$$kPHELIX@GSI$$lCollaboration GSI: PHELIX$$x1
000220187 980__ $$areport
000220187 980__ $$aVDB
000220187 980__ $$aUNRESTRICTED
000220187 980__ $$aI:(DE-Ds200)PPH-20051214OR027
000220187 980__ $$aI:(DE-Ds200)Coll-GSI-PHELIX
000220187 9801_ $$aFullTexts
000220187 9801_ $$aGSIasPublisher